| 000 | 00906nam a22002177a 4500 | ||
|---|---|---|---|
| 999 |
_c4267 _d4267 |
||
| 003 | AR-CdUCM | ||
| 008 | 190308b ||||| |||| 00| 0 spa d | ||
| 040 |
_aMUNICIPALIDAD PROVINCIAL DEL CUSCO _cBIBLIOTECA MUNICIPAL DEL CUSCO |
||
| 082 |
_a741.2 / _bC24 |
||
| 100 |
_aCampero Ramón _913488 |
||
| 245 | _aAprenda dibujo animado y humorístico / | ||
| 260 |
_aBuenos Aires : _bAlbatros, _c1976. |
||
| 300 |
_a221 páginas ; _c26 cm. |
||
| 505 | _aContenido: Conceptos básicos de animación -- Sugerencias para un trabajo de ensayos -- Escalas del trabajo -- "Técnica" de la música -- Fijación del dibujo -- escenas y dibujos para proyectar -- Argumento y guión ... | ||
| 650 |
_aDibujo - Técnicas _913489 |
||
| 650 |
_aDibujo Animado _913490 |
||
| 650 |
_aCaricaturas - Humor - Dibujos _913491 |
||
| 650 |
_aTécnicas de animación de dibujos _913492 |
||
| 942 |
_2ddc _cLIBROS |
||
| 945 | _alccs | ||